00457nam a2200205Ia 4500003000900000008004100009040001300050040001300063041000800076100002100084245003500105250001000140260001200150260000900162300001100171300001200182490001800194490000700212600003200219IT-RoPAU120407s9999 xx 000 0 und d aIT-RoPAU cIT-RoPAU afra aJoachim Jeremias aParoles inconnues de Jésùs aParis aDu Cerf c1970 a132 p. c21,5 cm aLectio divina v62 a1. Gesù Cristo. Agrapha.